000 00528nam a2200193Ia 4500
003 OSt
005 20240930143056.0
008 210716s2016 xx 000 0 und d
020 _a9789384323097
040 _cAIMIT Library
041 _aeng
082 _a004
_bDALN
100 _aDale, Nell; Lewis, John.
_9180839
245 _aComputer science illuminated.
260 _aNew Delhi
_bJones and Bartlett Publishers
_c2016
300 _axxxi,700
650 _aComputer Architecture/Organization
_9180840
942 _2ddc
_cBK
999 _c195429
_d195429